000 00518nam a2200181Ia 4500
999 _c20094
_d20094
003 OSt
005 20201221130241.0
008 190216s9999||||xx |||||||||||||| ||und||
020 _a0855331097
040 _coclc
082 _a032
_bHIL/H
100 _aHill, Christopher
_97732
245 0 _aHistory and Culture 1 /
_cChristopher Hill
260 _bMitchell Beazney Publishers Ltd,
_c1979.
_aLondon:
300 _a382p
650 _aWorld History
942 _cBK
_2ddc
_h032
_iHIL/H
_k032
_mHIL/H